Minecraft: Glass Crafting Recipes - Statistics

General Stats
  • This quiz has been taken 52 times
  • The average score is 18 of 22
Answer Stats
Recipe Answer % Correct
6x Glass Glass Pane
97%
5x Glass + 1x Nether Star + 3x Obsidian Beacon
89%
7x Glass + 1x Eye of Ender + 1x Ghast Tear End Crystal
82%
1x Glass + 4x Amethyst Shard Tinted Glass
82%
8x Glass + 1x Black Dye Black Stained Glass
79%
8x Glass + 1x Blue Dye Blue Stained Glass
79%
8x Glass + 1x Brown Dye Brown Stained Glass
79%
8x Glass + 1x Cyan Dye Cyan Stained Glass
79%
8x Glass + 1x Gray Dye Gray Stained Glass
79%
8x Glass + 1x Green Dye Green Stained Glass
79%
8x Glass + 1x Light Blue Dye Light Blue Stained Glass
79%
8x Glass + 1x Light Gray Dye Light Gray Stained Glass
79%
8x Glass + 1x Lime Dye Lime Stained Glass
79%
8x Glass + 1x Magenta Dye Magenta Stained Glass
79%
8x Glass + 1x Orange Dye Orange Stained Glass
79%
8x Glass + 1x Pink Dye Pink Stained Glass
79%
8x Glass + 1x Purple Dye Purple Stained Glass
79%
8x Glass + 1x Red Dye Red Stained Glass
79%
8x Glass + 1x White Dye White Stained Glass
79%
8x Glass + 1x Yellow Dye Yellow Stained Glass
79%
3x Glass + 3x Nether Quartz + 3x Wooden Slab Daylight Detector
74%
3x Glass Glass Bottle
71%
No matching quizzes found
Score Distribution
Percent of People with Each Score
Percentile by Number Answered
Your Score History
You have not taken this quiz